| 000 | 00362pam a2200157a 44500 | ||
|---|---|---|---|
| 008 | 230515b1991 xxu||||| |||| 00| 0 eng d | ||
| 020 | _aNULL | ||
| 041 | _aENGLISH | ||
| 082 | _aN.D. | ||
| 100 | _aKorth H ./Siberschatz A. | ||
| 245 | _aDatabase Systems Concept | ||
| 250 | _a0 | ||
| 260 |
_aNULL _bMcgraw Hill Pub. _c1991 |
||
| 300 | _a694 | ||
| 650 | _aNULL | ||
| 999 |
_c575361 _d575361 |
||